00317nam a2200121Ia 4500008004100000041000800041082001500049100001800064245004400082260003300126300001900159999001700178241028s9999 xx 000 0 und d aeng a956.04 SCO aMichael Scott aTheshortesthistoryofIsraeland Palestine bPicador IndiaaHaryanac2024 a288;. P. 24 Cm c43113d43113